| 000 | 00535nam a2200145 4500 | ||
|---|---|---|---|
| 999 |
_c371650 _d371650 |
||
| 008 | 220531b ||||| |||| 00| 0 eng d | ||
| 040 |
_aDE-2950 _cDE-2950 |
||
| 041 | _ager | ||
| 245 |
_a750 Jahre Frankfurt (Oder) : _bFestumzug - 13. Juli, 23. Hansetag, Europagarten, 78. Bachfest, Kleist-Feststage, 56. Friedensfahrt. [Zeitungsausschnittsammlung] |
||
| 260 |
_a[Frankfurt Oder], _c2001 - 2003] |
||
| 300 |
_aungezählte Seiten; _bRingbuchheftung |
||
| 653 | _aFrankfurt (Oder) | ||
| 653 | _aStadtjubiläum 750 Jahre | ||
| 942 |
_2z _cB |
||